Empresa e inflación (Registro nro. 2065)
[ vista simple ]
| 000 -LEADER | |
|---|---|
| fixed length control field | 01090 a2200193 4500 |
| 001 - CONTROL NUMBER | |
| control field | 30244 |
| 005 - DATE AND TIME OF LATEST TRANSACTION | |
| control field | 20260407155614.0 |
| 008 - FIXED-LENGTH DATA ELEMENTS--GENERAL INFORMATION | |
| fixed length control field | 260407a1972 arg spa d |
| 003 - CONTROL NUMBER IDENTIFIER | |
| control field | AR-UNSa-BCEJYS |
| 040 ## - CATALOGING SOURCE | |
| Original cataloging agency | AR-UNSa-BCEJYS |
| Language of cataloging | spa |
| Transcribing agency | AR-UNSa-BCEJYS |
| 080 ## - UNIVERSAL DECIMAL CLASSIFICATION NUMBER | |
| Universal Decimal Classification number | 657.23 |
| Common auxiliary subdivision | Compensaciones. Correcciones. Ajustes (devaluación monetaria) |
| 100 1# - MAIN ENTRY--PERSONAL NAME | |
| Personal name | Bertoletti, Mario E. |
| 245 10 - TITLE STATEMENT | |
| Title | Empresa e inflación |
| Name of part/section of a work | estrategia de empresa enuna economía inflacionaria |
| 264 #1 - PRODUCTION, PUBLICATION, DISTRIBUTION, MANUFACTURE, AND COPYRIGHT NOTICE | |
| Place of production, publication, distribution, manufacture | Buenos Aires : |
| Name of producer, publisher, distributor, manufacturer | Ediciones Contabilidad Moderna |
| Date of production, publication, distribution, manufacture, or copyright notice | 1972 |
| 300 ## - PHYSICAL DESCRIPTION | |
| Extent | 284 p. |
| Dimensions | 23 cm. |
| 505 ## - FORMATTED CONTENTS NOTE | |
| Formatted contents note | 1. La inflación y la información contable - 2. Medición de la inflación - 3. Deflación de estados contables - 4. Análisis del ajuste por inflación - 5. Análisis de balances deflacionados - 6. Metodo aproximado de deflación - 7. Concepto de estrategia antiflacionaria - 8. Política de crédito - 9. Política de endeudamiento - 10. Activos y pasivos en moneda extranjera - 11. Política de inventarios - 12. Política de inversiones - 13. Conclusiones |
| 590 ## - LOCAL NOTE (RLIN) | |
| Local note | niveau_biblio:m niveau_hierar:0 |
| 942 ## - ADDED ENTRY ELEMENTS (KOHA) | |
| Koha item type | |
| Withdrawn status | Lost status | Damaged status | Not for loan | Home library | Current library | Shelving location | Date acquired | Total checkouts | Full call number | Barcode | Date last seen | Price effective from | Koha item type |
|---|---|---|---|---|---|---|---|---|---|---|---|---|---|
| Biblioteca Prof. Eusebio Cleto del Rey | Biblioteca Prof. Eusebio Cleto del Rey | 07/04/2026 | 657.23 B545 | L26696 | 07/04/2026 | 07/04/2026 | Libro | ||||||
| Biblioteca Prof. Eusebio Cleto del Rey | Biblioteca Prof. Eusebio Cleto del Rey | 07/04/2026 | 657.23 B545 | L125661 | 07/04/2026 | 07/04/2026 | Libro |